000
00306nam a22001337a 4500
008
180309b xxu||||| |||| 00| 0 eng d
020
_a
9780691004327
041
_a
eng
080
_a
316
100
_a
50
101
_a
SOC
245
_a
Is multiculturalism bad for women?
_c
Al-Hibri,A.Y
942
_2
udc
_c
BK
999
_c
44594
_d
44594